header

Falcon fever : (Record no. 250236)

MARC details
000 -LEADER
fixed length control field 01546cam a2200373 a 4500
001 - CONTROL NUMBER
control field 15056907
003 - CONTROL NUMBER IDENTIFIER
control field OSt
005 - DATE AND TIME OF LATEST TRANSACTION
control field 20151007102818.0
008 - FIXED-LENGTH DATA ELEMENTS--GENERAL INFORMATION
fixed length control field 071024s2008 mau 000 0beng
010 ## - LIBRARY OF CONGRESS CONTROL NUMBER
LC control number 2007043923
020 ## - INTERNATIONAL STANDARD BOOK NUMBER
International Standard Book Number 9780618805754
International Standard Book Number 0618805753
035 ## - SYSTEM CONTROL NUMBER
System control number (OCoLC)ocn180204871
System control number (OCoLC)180204871
Canceled/invalid control number (OCoLC)179794707
040 ## - CATALOGING SOURCE
Original cataloging agency DLC
Transcribing agency DLC
Modifying agency DLC
043 ## - GEOGRAPHIC AREA CODE
Geographic area code n-us---
-- e-it---
050 00 - LIBRARY OF CONGRESS CALL NUMBER
Classification number SK17.G2
Item number G35 2008
082 00 - DEWEY DECIMAL CLASSIFICATION NUMBER
Classification number 799.2/32
Edition number 22
100 1# - MAIN ENTRY--PERSONAL NAME
Personal name Gallagher, Tim.
245 10 - TITLE STATEMENT
Title Falcon fever :
Remainder of title a falconer in the twenty-first century /
Statement of responsibility, etc Tim Gallagher.
260 ## - PUBLICATION, DISTRIBUTION, ETC. (IMPRINT)
Place of publication, distribution, etc Boston :
Name of publisher, distributor, etc Houghton Mifflin Co.,
Date of publication, distribution, etc 2008.
300 ## - PHYSICAL DESCRIPTION
Extent x, 326 p. ;
Dimensions 23 cm.
600 10 - SUBJECT ADDED ENTRY--PERSONAL NAME
Personal name Gallagher, Tim.
650 #0 - SUBJECT ADDED ENTRY--TOPICAL TERM
Topical term or geographic name as entry element Falconers
Geographic subdivision United States
Form subdivision Biography.
Topical term or geographic name as entry element Falconry
Geographic subdivision United States
Form subdivision Anecdotes.
Topical term or geographic name as entry element Falconry
Geographic subdivision Italy
Form subdivision Anecdotes.
856 42 - ELECTRONIC LOCATION AND ACCESS
Materials specified Publisher description
Uniform Resource Identifier <a href="http://www.loc.gov/catdir/enhancements/fy0905/2007043923-d.html">http://www.loc.gov/catdir/enhancements/fy0905/2007043923-d.html</a>
Materials specified Sample text
Uniform Resource Identifier <a href="http://www.loc.gov/catdir/enhancements/fy0905/2007043923-s.html">http://www.loc.gov/catdir/enhancements/fy0905/2007043923-s.html</a>
Materials specified Table of contents only
Uniform Resource Identifier <a href="http://www.loc.gov/catdir/enhancements/fy0905/2007043923-t.html">http://www.loc.gov/catdir/enhancements/fy0905/2007043923-t.html</a>
Materials specified Contributor biographical information
Uniform Resource Identifier <a href="http://www.loc.gov/catdir/enhancements/fy0905/2007043923-b.html">http://www.loc.gov/catdir/enhancements/fy0905/2007043923-b.html</a>
906 ## - LOCAL DATA ELEMENT F, LDF (RLIN)
a 7
b cbc
c orignew
d 1
e ecip
f 20
g y-gencatlg
942 ## - ADDED ENTRY ELEMENTS (KOHA)
Source of classification or shelving scheme Library of Congress Classification
Koha item type Reference
Holdings
Withdrawn status Lost status Source of classification or shelving scheme Damaged status Not for loan Collection code Home library Current library Shelving location Date acquired Total Checkouts Full call number Barcode Date last seen Price effective from Koha item type
    Library of Congress Classification     Fiction Rongo University Library Rongo University Library Reference 07/10/2015   SK17.G2 G35 2008 20153848 07/10/2015 07/10/2015 Reference

© 2026 Rongo University
Contact us: librarian | system librarian | Rongo university